China in transition.
| Format: | Book |
|---|---|
| Published: |
Hong Kong:
Review,
1995.
|
| Subjects: |
| LEADER | 00419cam a2200157 7i4500 | ||
|---|---|---|---|
| 001 | 0000004300 | ||
| 005 | 19991025090000.0 | ||
| 002 | ##000005775 | ||
| 020 | 0 | 0 | |a 962-701-056-1 |
| 090 | 0 | 0 | |a CHIN 338.9 |b CHI |
| 245 | 1 | 0 | |a China in transition. |
| 260 | 0 | 0 | |a Hong Kong: |b Review, |c 1995. |
| 300 | 0 | 0 | |a 216 p.. |
| 650 | 0 | 0 | |a Economic developments -- |z China |
| 651 | 0 | 0 | |a China |
| 999 | |a 0000007154 |b Book |c Open shelf |e Business Information Centre | ||


